000
00345nam a2200145Ia 4500
008
231217s9999 xx 000 0 und d
041
_a
English
082
_a
001.61 AWA
100
_a
Awad, Elias M
245
0
_a
Systems analysis and design
250
_a
2nd ed.
260
_c
1997
_b
Galgotia
_a
New Delhi
300
_a
xiv+524
942
_c
AA
999
_c
171339
_d
171339